Nábytok a bývanie

Z obsahu prílohy: Vývoj nábytkárskych veľtrhov na výstavisku Agrokomplex v Nitre potvrdil ich opodstatnenosť. Prieskum TRENDU naznačuje priaznivejší vývoj v spoločnostiach pôsobiacich v slovenskom nábytkárskom priemysle. Slovenský nábytok si nachádza cestu i do Česka. Stavebné sporenie zatiaľ ako sá...

ver descrição completa

Na minha lista:
Detalhes bibliográficos
Formato: Capítulo de Livro
Idioma:eslovaco
Assuntos:
Tags: Adicionar Tag
Sem tags, seja o primeiro a adicionar uma tag!

MARC

LEADER 00000naa a2200000 4500
001 r025503
005 20230921080532.7
041 0 |a slo 
044 |a SK 
245 1 0 |a Nábytok a bývanie 
520 |a Z obsahu prílohy: Vývoj nábytkárskych veľtrhov na výstavisku Agrokomplex v Nitre potvrdil ich opodstatnenosť. Prieskum TRENDU naznačuje priaznivejší vývoj v spoločnostiach pôsobiacich v slovenskom nábytkárskom priemysle. Slovenský nábytok si nachádza cestu i do Česka. Stavebné sporenie zatiaľ ako sám vojak v poli. 
610 2 0 |a nábytok 
610 2 0 |a bývanie 
610 2 0 |a priemysel nábytkársky 
610 2 0 |a priemysel drevársky 
610 2 0 |a sporiteľne stavebné 
610 2 0 |a Slovensko